000 01011cam a22003017a 4500
003 CHAP
005 20220329141137.0
008 971010s1962 r 00010 d
010 _a63333
011 _a64305
035 _a69594
040 _cCHAP
082 0 4 _a860
_bM5 1962
100 0 0 _aMillán, María del Carmen.
_975842
245 1 0 _aLiteratura mexicana
_b: con notas de literatura hispanoamericana y antología
250 _a5 ed
260 _aMéxico, D.F. :
_bEsfinge,
_c1962.
300 _a340 p. :
_bilus.
590 _aBATCH-UPD
_b10
_c20130110
_lUCH01
_h1922
590 _aBATCH-UPD
_b10
_c20130410
_lUCH01
_h1248
590 _aBATCH-UPD
_b10
_c20130914
_lUCH01
_h1727
590 _aCONVERSION
_b10
_c20130109
_lUCH01
_h1334
650 1 4 _aLiteratura mexicana.
_967138
901 _aBK
942 _cLIBRO
949 _a860 M5 1962
_bBC
_cLIBRO
_d33724000256541
_eLIBRO
_fc.11
_i69594
_si
949 _a860 M5 1962
_bBC
_cLIBRO
_d33724002063504
_eLIBRO
_fc.2
_h14588
_i69594
_kReposiciØn
_mReimpresiØn de 1993
_si
999 _c63333
_d63333